000 00649nam a2200229Ia 4500
003 OSt
005 20251010115449.0
008 210423s2001 xx 000 0 und d
020 _a9780415616171
040 _cAL
041 _aEnglish
082 _a801.95
_bTYSU
100 _aLois Tyson
_993119
245 _aUsing critical theory
_b: how to read and write about literature
250 _a2
260 _bRoutledge
_c2001
_aLondon
300 _axvii,348p.
_bPB
_c22.8x15.3cm.
365 _b2023
_cINR
650 _aLiterary Theory
_993120
906 _aabout ; critical ; how ; literature ; read ; theory: ; Using ; write
942 _2ddc
_cBK
999 _c161076
_d161076